| 000 | 00706nam a22002057a 4500 | ||
|---|---|---|---|
| 003 | OSt | ||
| 005 | 20260115060714.0 | ||
| 008 | 260115b |||||||| |||| 00| 0 eng d | ||
| 020 | _a 0-06-016507-3 | ||
| 040 |
_aDWC-Main lib _cOC |
||
| 082 | _aCirc. 658.048 D794m 1990 | ||
| 100 | _aDruker, Peter Ferdinand | ||
| 245 |
_aManaging the non- profit organization : _b practice and principles/ _cPeter Ferdinand Druker |
||
| 260 |
_aN.Y : _bHarper Collins Pub. , _cc1990. |
||
| 300 |
_axiii, 225 pages : _billustrations ; _c20cm. |
||
| 504 | _aIncludes index. | ||
| 650 | _a1. Associations, institutions , etc | ||
| 650 | _a2. Corporations , Non-profit -management | ||
| 942 |
_2ddc _cBK-CIRC _kCirc. _n0 |
||
| 999 |
_c7433 _d7433 |
||